| 000 | 00472nam a22001817a 4500 | ||
|---|---|---|---|
| 003 | CEME | ||
| 005 | 20210628202912.0 | ||
| 008 | 210120b xxu||||| |||| 00| 0 eng d | ||
| 020 | _a0-02-345480-6 | ||
| 040 | _c. | ||
| 082 | _a620.001515353 GRA | ||
| 100 |
_aGrandin, Hartley _962232 |
||
| 245 | _aFundamentals of the finite element method | ||
| 260 |
_aUSA _bMACMILLAN _c1986 |
||
| 300 | _aXVI,528P | ||
| 650 |
_aFINITE ELEMENT METHOD.FEM _958876 |
||
| 942 |
_cBK _2ddc |
||
| 999 |
_c571405 _d571405 |
||